000 00711nam a2200253Ia 4500
003 OSt
005 20221005052524.0
006 a|||||r|||| 00| 0
007 ta
008 221004b |||||||| |||| 00| 0 eng d
020 _a1857150031
024 _a26745
037 _cTextual
040 _aCRL
_cCRL
_beng
041 _2eng
_aeng
082 _aO123,3M09,1, 111N1
100 _aCervantes Miguel de
245 0 _aDon Quixote Tr. by P.A. Motteux , Introduction by A.J. Close
260 _aLondon
_bDavid Campbell UK
_c1991
300 _a548p.
_ccm.
650 _aENGLISH LITERATURE
942 _hO123,3M09,1, 111N1
_cTEXL
_2cc
999 _c960547
_d960547